000 00689nam a2200193 a 4500
001 BRCA_1046
005 20190320203245.0
008 100408s1993----sp-a---###---#000-0#spa-#
041 _aspa
044 _asp
050 4 _aND150
_b.P56 1993
245 1 0 _aPinturas de antiguos maestros.
260 _aMadrid
_bCaylus
_c1993
300 _a1 v. (sin paginación)
_bil. a color
_c27 cm.
500 _aCatálogo de la exposición realizada en el Museo de San Carlos (Ciudad de México), 28 abril - 9 mayo, 2003 y en el Museo de Monterrey (Monterrey), 13 - 23 mayo, 2003
650 1 4 _aPintura
_ySiglo XV-XX
_zEspaña y México
_93453
650 1 4 _aPintura
_xAntiguos maestros
_92191
942 _2lcc
_cB
999 _c925
_d925